[Event "Ernst Rasmussen BDG tournament"]
[Site "Port Townsend"]
[Date "2010.10.23"]
[Round "2"]
[White "Hill, Sam"]
[Black "Harrison, Drayton"]
[Result "0-1"]
[WhiteElo "1920"]
[BlackElo "1984"]
[PlyCount "62"]
[EventDate "2010.10.23"]
[EventType "swiss (rapid)"]
[EventRounds "4"]
[EventCountry "USA"]
[SourceTitle "EXT 2017"]
[Source "ChessBase"]
[SourceDate "2016.10.25"]
[SourceVersion "1"]
[SourceVersionDate "2016.10.25"]
[SourceQuality "1"]

1. d4 d5 2. e4 dxe4 3. Nc3 Nf6 4. f3 exf3 5. Nxf3 c6 6. Bc4 Bf5 7. Ne5 e6 8. 0-0 Bg6 9. Be3 Nbd7 10. Nxg6 hxg6 11. Qf3 Qc7 12. h3 0-0-0 13. a3 Nb6 14. Bd3 Nbd5 15. Nxd5 Nxd5 16. Bf2 Bd6 17. c4 Nf6 18. b4 g5 19. g4 Bf4 20. b5 cxb5 21. cxb5 Nd5 22. Kg2 Kb8 23. Be4 g6 24. Ra2 f5 25. Bxd5 Rxd5 26. Qe2 Rxh3 27. Qxe6 Rh2+ 28. Kg1 Rd6 29. Qg8+ Rd8 30. Qxg6 Rdh8 31. Raa1 Be3 0-1

[Event "Seattle Green op"]
[Site "Seattle"]
[Date "2008.09.14"]
[Round "3"]
[White "Leblanc, Paul"]
[Black "Harrison, Drayton"]
[Result "0-1"]
[WhiteElo "1882"]
[BlackElo "1888"]
[PlyCount "44"]
[EventDate "2008.09.13"]
[EventType "swiss"]
[EventRounds "4"]
[EventCountry "USA"]
[SourceTitle "EXT 2017"]
[Source "ChessBase"]
[SourceDate "2016.10.25"]
[SourceVersion "1"]
[SourceVersionDate "2016.10.25"]
[SourceQuality "1"]

1. d4 Nf6 2. Bg5 c5 3. Bxf6 gxf6 4. c3 Qb6 5. Qd2 Bh6 6. e3 f5 7. Nf3 Rg8 8. d5 d6 9. c4 Nd7 10. Nc3 Nf6 11. Qc2 Bd7 12. g3 Qa5 13. Nd2 a6 14. Bg2 b5 15. 0-0 Rb8 16. Rfe1 Ng4 17. f4 Bg7 18. e4 Bd4+ 19. Kf1 Nxh2+ 20. Ke2 Rxg3 21. Bf3 Nxf3 22. Nxf3 Rg2+ 0-1

[Event "Seattle Green op"]
[Site "Seattle"]
[Date "2008.09.13"]
[Round "1"]
[White "Kelley, Dereque D"]
[Black "Harrison, Drayton"]
[Result "1-0"]
[WhiteElo "2108"]
[BlackElo "1888"]
[PlyCount "49"]
[EventDate "2008.09.13"]
[EventType "swiss"]
[EventRounds "4"]
[EventCountry "USA"]
[SourceTitle "EXT 2017"]
[Source "ChessBase"]
[SourceDate "2016.10.25"]
[SourceVersion "1"]
[SourceVersionDate "2016.10.25"]
[SourceQuality "1"]

1. d4 Nf6 2. c4 g6 3. Nc3 Bg7 4. e4 d6 5. Be2 0-0 6. Nf3 e5 7. 0-0 Nc6 8. d5 Ne7 9. Ne1 Nd7 10. Be3 f5 11. f3 f4 12. Bf2 g5 13. Rc1 Rf7 14. c5 dxc5 15. d6 cxd6 16. Bc4 Nf6 17. Bxf7+ Kxf7 18. Bxc5 Ne8 19. Nb5 Be6 20. Nxd6+ Nxd6 21. Qxd6 Nc6 22. Nc2 Bf8 23. Qxf8+ Qxf8 24. Bxf8 Kxf8 25. a3 1-0

[Event "Western States op"]
[Site "Reno"]
[Date "2006.10.06"]
[Round "1"]
[White "Aigner, Michael"]
[Black "Harrison, Drayton"]
[Result "1-0"]
[WhiteElo "2321"]
[BlackElo "1797"]
[PlyCount "35"]
[EventDate "2006.10.07"]
[EventType "swiss"]
[EventRounds "6"]
[EventCountry "USA"]
[SourceTitle "EXT 2009"]
[Source "ChessBase"]
[SourceDate "2008.11.26"]
[SourceVersion "1"]
[SourceVersionDate "2008.11.26"]
[SourceQuality "1"]

1. d4 Nf6 2. c4 g6 3. Nc3 Bg7 4. e4 d6 5. f4 0-0 6. Nf3 c5 7. dxc5 Qa5 8. Bd3 Qxc5 9. Qe2 Bg4 10. Be3 Qh5 11. 0-0 Nc6 12. h3 Bxf3 13. Rxf3 Nd7 14. Qf2 Nc5 15. Bc2 Ne6 16. f5 Ned4 17. Bd1 gxf5 18. Rg3 1-0